| 000 | 00868nam a22002657a 4500 | ||
|---|---|---|---|
| 999 |
_c12606 _d12606 |
||
| 003 | EG-ScBUE | ||
| 005 | 20210527111047.0 | ||
| 008 | 090818s2008 ua f 000 1f ara d | ||
| 017 | _a2007/26483 | ||
| 020 | _a9789770922899 | ||
| 040 |
_aEG-ScBUE _bara _erda _cEG-ScBUE _dEG-ScBUE |
||
| 082 | 0 | 4 |
_a892.736 _bد ي ب _222 |
| 100 | 1 |
_911244 _aالديب، علاء، _d1939- _eمؤلف. |
|
| 245 | 1 | 0 |
_aزهر الليمون : _bرواية / _cعلاء الديب. |
| 264 | 1 |
_aالقاهرة : _bدار الشروق، _c2008. |
|
| 300 |
_a107 صفحة ؛ _c12 سم |
||
| 336 |
_2rdacontent _aنص _btxt |
||
| 337 |
_2rdamedia _aبدون وسيط _bn |
||
| 338 |
_2rdacarrier _aمجلد _bnc |
||
| 650 | 7 |
_aالقصص العربية _zمصر _yقرن 21. _2BUEsh |
|
| 651 | _2BUEsh | ||
| 653 |
_bARALIT _cMay2021 |
||
| 655 |
_vReading book _934232 |
||
| 942 |
_2ddc _cBB |
||